| 000 | 00641cam a2200205 i 4500 | ||
|---|---|---|---|
| 999 |
_c58264 _d58264 |
||
| 001 | 2740331 | ||
| 005 | 20211018115446.0 | ||
| 008 | 780727s2007 cau 000 0 eng | ||
| 020 | _a9788779897502 | ||
| 041 | _aeng | ||
| 080 | _a299.93 H-88 | ||
| 100 | 1 |
_aHubbard, L. Ron _q _d _912506 |
|
| 245 | 1 | 0 |
_aScientology 8-8008 / _cby L. Ron Hubbard. |
| 264 |
_aLos Angeles : _bNew Era, _c2007. |
||
| 300 |
_a415 p. ; _c24 cm. |
||
| 440 |
_aA Scientology Publication _912670 |
||
| 653 | _a თანამედროვე საეკლესიო მიმდინარეობები | ||
| 653 | _aScientology. | ||
| 942 |
_2udc _cBK |
||